000 00543nam a2200217 i 4500
001 C2-0167172
003 PPAK
005 20180727133456.0
008 980705s1995 my a|||| ||||| | eng d
020 _a9830521567
040 _aPPAK
_beng
_cPPAK
_erda
082 0 4 _a398.2
_223
090 0 0 _a398.2
_bTHR
_dK
245 0 4 _aThe three artist
264 1 _aSelangor :
_bArowana ,
_c1995
300 _billustrations ;
_c17 cm
336 _2rdacontent
_atext
337 _2rdamedia
_aunmediated
338 _2rdacarrier
_avolume
942 _ddc
_cB
999 _c49333
_d49333